LEADER 01876nam 2200505 450 001 9910707674203321 005 20160922095047.0 035 $a(CKB)5470000002465794 035 $a(OCoLC)958933938 035 $a(EXLCZ)995470000002465794 100 $a20160922j201605 ua 0 101 0 $aeng 135 $aurcn||||||||| 181 $ctxt$2rdacontent 182 $cc$2rdamedia 183 $acr$2rdacarrier 200 10$aCheck calibration of the NASA Glenn 10- by 10-foot supersonic wind tunnel (2014 test entry) /$fAaron Johnson, Christine Pastor-Barsi and E. Allen Arrington 210 1$aCleveland, Ohio :$cNational Aeronautics and Space Administration, Glenn Research Center,$dMay 2016. 215 $a1 online resource (15 pages) $ccolor illustrations 225 1 $aNASA/CR ;$v2016-218894 300 $aTitle from title screen (viewed Sept. 22, 2016). 300 $a"May 2016." 300 $a"Prepared under contract NNC15BA02B." 320 $aIncludes bibliographical references (page 15). 517 $aCheck calibration of the NASA Glenn 10- by 10-foot supersonic wind tunnel 606 $aCalibrating$2nasat 606 $aData acquisition$2nasat 606 $aPressure measurement$2nasat 606 $aSupersonic wind tunnels$2nasat 606 $aSystems integration$2nasat 615 7$aCalibrating. 615 7$aData acquisition. 615 7$aPressure measurement. 615 7$aSupersonic wind tunnels. 615 7$aSystems integration. 700 $aJohnson$b Aaron$01171114 702 $aPastor-Barsi$b Christine$f1982- 702 $aArrington$b E. Allen 712 02$aNASA Glenn Research Center, 801 0$bGPO 801 1$bGPO 906 $aBOOK 912 $a9910707674203321 996 $aCheck calibration of the NASA Glenn 10- by 10-foot supersonic wind tunnel (2014 test entry)$93436369 997 $aUNINA LEADER 01574nas 2200445-a 450 001 9910213838303321 005 20260218112206.0 011 $a2406-7598 035 $a(CKB)2320000000016101 035 $a(CONSER)--2009331653 035 $a(DE-599)ZDB2765930-6 035 $a(DE-599)2765930-6 035 $a(EXLCZ)992320000000016101 100 $a20090506a19uu9999 -a- - 101 0 $aind 200 00$aIlmu kelautan $eIndonesian journal of marine sciences 210 $aSemarang, Indonesia $cJurusan Ilmu Kelautan, Universitas Diponegoro 215 $a1 online resource 300 $aRefereed/Peer-reviewed 311 08$aPrint version: Ilmu kelautan : (DLC) 2009331653 (OCoLC)320387563 0853-7291 330 $aStudies on marine sciences and their implementation in Indonesia. 517 3 $aIndonesian journal of marine sciences 517 1 $aIJMS 517 1 $aIK 606 $aMarine sciences$xResearch$zIndonesia$vPeriodicals 606 $aOceanography$xResearch$zIndonesia$vPeriodicals 606 $aMarine sciences$xResearch$2fast$3(OCoLC)fst01009944 606 $aOceanography$xResearch$2fast$3(OCoLC)fst01043704 607 $aIndonesia$2fast 608 $aPeriodicals.$2fast 615 0$aMarine sciences$xResearch 615 0$aOceanography$xResearch 615 7$aMarine sciences$xResearch. 615 7$aOceanography$xResearch. 712 02$aUniversitas Diponegoro.$bJurusan Ilmu Kelautan. 906 $aJOURNAL 912 $a9910213838303321 920 $aexl_impl conversion 996 $aIlmu kelautan$92579624 997 $aUNINA